“铁矿”地点数量≥20的地级行政区 Prefectures with ≥20 coal mine sites - Statistics

General Stats
  • This quiz has been taken 29 times
  • The average score is 4 of 16
Answer Stats
地级行政区 数量 % Correct
鞍山 20
85%
唐山 43
58%
包头 48
50%
黄石 86
35%
重庆 38
31%
济南 39
23%
徐州 54
19%
南京 38
15%
鄂州 61
12%
忻州 39
12%
淄博 80
8%
凉山 47
8%
临沂 38
8%
丹东 47
4%
达州 43
0%
云浮 22
0%
No matching quizzes found
Score Distribution
Percent of People with Each Score
Percentile by Number Answered
Your Score History
You have not taken this quiz